| 000 | 00710nam a2200229 a 4500 | ||
|---|---|---|---|
| 001 | 000023392 | ||
| 005 | 20200930022203.0 | ||
| 008 | 101206s1995 mx r 000 f spa d | ||
| 020 | _a9681902440 | ||
| 040 |
_aDO-SdBNP _bspa _cBNPHU |
||
| 082 |
_aA863.4 _bC827p |
||
| 100 | 1 |
_aCortázar, Julio, _d1914-1984. _910688 |
|
| 245 | 1 | 0 |
_aLos premios / _cJulio Cortázar. |
| 260 |
_aMéxico, D.F. : _bAlfaguara, _c1995. |
||
| 300 |
_a470 p. ; _c22 cm. |
||
| 490 | 1 | _aAlfaguara literaturas | |
| 500 | _aIncluye datos biográficos del autor en la solapa de la contracubierta | ||
| 650 | 4 |
_aNovela argentina _93941 |
|
| 650 | 4 |
_aLiteratura argentina _93860 |
|
| 830 | 0 |
_aalfaguara literaturas _99775 |
|
| 049 | _aBNGR | ||
| 999 |
_c22889 _d22889 |
||